| 000 | 00588nam a22001817a 4500 | ||
|---|---|---|---|
| 005 | 20240926162628.0 | ||
| 010 | _aENG-141796 | ||
| 020 |
_a9789357315692 _c499.00 |
||
| 035 | _aEN-125328 | ||
| 037 | _bDBAD | ||
| 082 | _a791.430954 | ||
| 100 |
_aGanguly, Swayam _972058 |
||
| 245 |
_aChambers Book of Cinema Facts/ _cBy Swayam Ganguly |
||
| 260 |
_aGurugram _bHachelle Book Publishing India Pvt Ltd _c2024 |
||
| 270 |
_a4th & 5th Floor, Corporate Centre, Plot No. 94, Sector 44 _bGurugram _e122003 |
||
| 300 |
_a281p. _c20cm.(pb) |
||
| 942 |
_2ddc _cEN _h791.430954 _mGAN |
||
| 999 |
_c205951 _d205951 |
||